Human geography : (Record no. 4930)
[ view plain ]
| 000 -LEADER | |
|---|---|
| fixed length control field | 00975cam a2200313 a 4500 |
| 001 - CONTROL NUMBER | |
| JCCL Control Number | 4930 |
| 003 - CONTROL NUMBER IDENTIFIER | |
| JCCL marc code | BD-JhCC |
| 005 - DATE AND TIME OF LATEST TRANSACTION | |
| control field | 20171209192949.0 |
| 008 - FIXED-LENGTH DATA ELEMENTS--GENERAL INFORMATION | |
| fixed length control field | 840521s1985 nyuab b 001 0 eng |
| 020 ## - INTERNATIONAL STANDARD BOOK NUMBER | |
| International Standard Book Number | 0023415800 |
| 035 ## - SYSTEM CONTROL NUMBER | |
| system control number | (BD-JhCC)4930 |
| 040 ## - CATALOGING SOURCE | |
| Original cataloging agency | DLC |
| Transcribing agency | DLC |
| Modifying agency | DLC |
| -- | BD-JhCC |
| 041 ## - LANGUAGE CODE | |
| Language code of Book | eng |
| 050 00 - LIBRARY OF CONGRESS CALL NUMBER | |
| Classification number | GF41 |
| Item number | .G47 1985 |
| 082 00 - DEWEY DECIMAL CLASSIFICATION NUMBER | |
| Classification number | 304.2 |
| DDC Edition number | 19 |
| Author mark and Year | GET 1985 |
| 100 1# - MAIN ENTRY--PERSONAL NAME | |
| Personal name | Getis, Arthur, |
| Dates associated with a name | 1934- |
| 245 10 - TITLE STATEMENT | |
| Title | Human geography : |
| Remainder of title | culture and environment / |
| Statement of responsibility, etc | Arthur Getis, Judith Getis, Jerome Fellmann. |
| 260 ## - PUBLICATION, DISTRIBUTION, ETC. (IMPRINT) | |
| Place of publication, distribution, etc | New York : |
| Name of publisher, distributor, etc | Macmillan ; |
| Place of publication, distribution, etc | London : |
| Name of publisher, distributor, etc | Collier Macmillan, |
| Date of publication, distribution, etc | c1985. |
| 300 ## - PHYSICAL DESCRIPTION | |
| Pagination | x, 485 p. : |
| Other physical details | ill., maps ; |
| Dimensions | 25 cm. |
| 500 ## - GENERAL NOTE | |
| General note | Rev. ed. of: Geography. c1981. |
| 500 ## - GENERAL NOTE | |
| General note | Maps on lining paper. |
| 504 ## - BIBLIOGRAPHY, ETC. NOTE | |
| Bibliography, etc | Includes bibliographies and index. |
| 650 #0 - SUBJECT ADDED ENTRY--TOPICAL TERM | |
| Topical term or geographic name as entry element | Human geography. |
| 650 #0 - SUBJECT ADDED ENTRY--TOPICAL TERM | |
| Topical term or geographic name as entry element | Human ecology. |
| 700 1# - ADDED ENTRY--PERSONAL NAME | |
| Personal name | Fellmann, Jerome Donald, |
| Dates associated with a name | 1926- |
| 700 1# - ADDED ENTRY--PERSONAL NAME | |
| Personal name | Getis, Arthur, |
| Dates associated with a name | 1934- |
| Title of a work | Geography. |
| 942 ## - ADDED ENTRY ELEMENTS (KOHA) | |
| Source of classification or shelving scheme | Dewey Decimal Classification |
| Koha item type | Books |
| Source of classification or shelving scheme | Damaged status | Not for loan | Home library | Current library | Shelving location | Total Checkouts | Full call number | Barcode | Date last seen | Copy number | Koha item type |
|---|---|---|---|---|---|---|---|---|---|---|---|
| Dewey Decimal Classification | JCC Rouf Library | JCC Rouf Library | General Stacks | 304.2 GET 1985 | 6458 | 12/05/2017 | C-1 | Books |